Catálogo
 En Linea

Narrativa hispanoamericana 1816-1981 : (Registro nro. 21674)

Detalles MARC
000 -CABECERA
campo de control de longitud fija 00784cam a2200217 a 4500
001 - NÚMERO DE CONTROL
campo de control 000022176
005 - FECHA Y HORA DE LA ÚLTIMA TRANSACCIÓN
campo de control 20200930011621.0
008 - DATOS DE LONGITUD FIJA--INFORMACIÓN GENERAL
campo de control de longitud fija 100917s1981 ck 000 0 spa d
020 ## - NÚMERO INTERNACIONAL ESTÁNDAR DEL LIBRO
Número Internacional Estándar del Libro 9682310407
040 ## - FUENTE DE LA CATALOGACIÓN
Centro catalogador/agencia de origen DO-SdBNP
Lengua de catalogación spa
Centro/agencia transcriptor BNPHU
082 ## - NÚMERO DE LA CLASIFICACIÓN DECIMAL DEWEY
Número de clasificación nn*
Número de documento/Ítem nn*
049 ## - FONDOS LOCALES (OCLC)
Fondos de biblioteca BNGR
100 1# - ENTRADA PRINCIPAL--NOMBRE DE PERSONA
Nombre de persona Flores, Ángel.
9 (RLIN) 45883
245 10 - MENCIÓN DE TÍTULO
Título Narrativa hispanoamericana 1816-1981 :
Resto del título historia y antología /
Mención de responsabilidad, etc. Ángel Flores.
260 ## - PUBLICACIÓN, DISTRIBUCIÓN, ETC.
Lugar de publicación, distribución, etc. Medellín :
Nombre del editor, distribuidor, etc. Siglo Veintiuno,
Fecha de publicación, distribución, etc. 1981.
300 ## - DESCRIPCIÓN FÍSICA
Extensión 321 p. ;
Dimensiones 18 cm.
490 1# - MENCIÓN DE SERIE
Mención de serie La creación literaria
505 0# - NOTA DE CONTENIDO CON FORMATO
Información miscelánea v. 1.
Título De lizardi a la generación de 1850-1879 --
Información miscelánea v. 2.
Título La generación de 1880-1909 --
Información miscelánea v. 3.
Título La generación de 1910-1939.
500 ## - NOTA GENERAL
Nota general La biblioteca sólo posee los volumenes 1, 2 y 3.
830 #0 - PUNTO DE ACCESO ADICIONAL DE SERIE-TÍTULO UNIFORME
Título uniforme La creación literaria
9 (RLIN) 39687
Existencias
Estado de retiro Estado de pérdida Restricciones de uso No para préstamo Código de colección Localización permanente Ubicación/localización actual Ubicación en estantería Fecha de adquisición Número de inventario Total de préstamos Signatura topográfica completa Código de barras Fecha visto por última vez Precio válido a partir de Tipo de ítem Koha Número de copia
        Monografías: Libros y Folletos General General En catalogación 17.09.2010 LF1   nn* nn* 22176-10 25.06.2020 25.06.2020 Préstamo en sala  
      Préstamo restrigido Monografías: Libros y Folletos General General En catalogación 17.09.2010 LF1   nn* nn* 22176-20 25.06.2020 25.06.2020 Préstamo en sala e. 2
        Monografías: Libros y Folletos General General En catalogación 17.09.2010 LF1   nn* nn* 22176-30 25.06.2020 25.06.2020 Préstamo en sala e. 3

Con tecnología Koha